000 00438nam a2200145Ia 4500
008 150610s9999 xx 000 0 und d
020 _a0 448089491
050 _aPS3507
_b.I9274 H37 1970
100 _aDixon, Franklin W.
245 4 _aThe bombay boomerang /
_cby Franklin W. Dixon.
260 _aNew York : 
_bGrosset & Dunlap,
_c1970.
300 _a180pages ;
_c20 cm.
440 _aHardy boy mystery stories ; 49
520 _aFiction.
999 _c288170
_d288170